[Event "Calvia (ol)"]
[Site "?"]
[Date "2004.??.??"]
[Round "?"]
[White "Hracek, Z."]
[Black "Ponomariov, R."]
[Result "0-1"]
[WhiteElo "2595"]
[BlackElo "2710"]
[PlyCount "72"]
[EventDate "2004.??.??"]
[Source "Chess Informant"]
[SourceDate "2004.10.01"]

1. e4 c5 2. Nc3 Nc6 3. Bb5 e6 4. Bxc6 bxc6 5. d3 d5 6. f4 Nf6 7. Nf3 Ba6 8. e5 Nd7 9. O-O Be7 10. b3 O-O 11. Re1 c4 12. dxc4 dxc4 13. Ne4 Qc7 14. Qe2 c5 15. Qf2 Rfd8 16. Bb2 Bb7 17. Nfd2 cxb3 18. axb3 Nb6 19. c4 Rd3 20. Re3 Rxe3 21. Qxe3 a5 22. Ba3 Nd7 23. Nc3 Qc6 24. Qe2 f6 25. Nf3 fxe5 26. fxe5 Rf8 27. Nb5 Rf5 28. Bb2 Nf8 29. Nd6 Bxd6 30. exd6 Qxd6 31. Rxa5 Ng6 32. Qd2 Qxd2 33. Nxd2 Nf4 34. Nf3 Nd3 35. Bc3 e5 36. Ne1 Nc1 0-1

[Event "Memorial P.Keres (ca"]
[Site "?"]
[Date "1996.??.??"]
[Round "2"]
[White "Oll Lembit"]
[Black "Khalifman Alexander"]
[Result "0-1"]
[WhiteElo "2640"]
[BlackElo "2650"]
[PlyCount "74"]
[EventDate "1996.??.??"]
[Source "www.chesslib.no"]
[SourceDate "2004.05.04"]

1. e4 c5 2. Nc3 Nc6 3. f4 e6 4. Nf3 d5 5. d3 g6 6. g3 Bg7 7. Bg2 Nge7 8. O-O O-O 9. Ne2 Qb6 10. c3 Rd8 11. Qc2 Bd7 12. Be3 Rac8 13. Nd2 Nd4 14. Bxd4 cxd4 15. c4 dxe4 16. Bxe4 Bc6 17. Qb3 Qc7 18. Qa3 Nf5 19. Rac1 Ne3 20. Rf3 f5 21. Bxc6 Qxc6 22. c5 Bf8 23. Nxd4 Rxd4 24. Rxe3 Ra4 25. Qb3 Bxc5 26. Rxc5 Qxc5 27. Qxe6+ Kg7 28. Nb3 Qc7 29. Qe5+ Qxe5 30. fxe5 Rxa2 31. Re2 a5 32. d4 a4 33. Nc5 a3 34. Nd3 Ra1+ 35. Kf2 a2 36. Nb4 Rf1+ 37. Kxf1 a1=Q+ 0-1

[Event "Cesko"]
[Site "?"]
[Date "2000.??.??"]
[Round "?"]
[White "Movsesian, S."]
[Black "Babula, V."]
[Result "1-0"]
[WhiteElo "2665"]
[BlackElo "2565"]
[PlyCount "65"]
[EventDate "2000.??.??"]
[Source "Chess Informant"]
[SourceDate "2000.10.01"]

1. e4 c5 2. Nc3 Nc6 3. Bb5 g6 4. Bxc6 dxc6 5. d3 Bg7 6. Be3 b6 7. Qd2 Nf6 8. Bh6 Bxh6 9. Qxh6 e5 10. h3 Qe7 11. f4 exf4 12. Qxf4 Nd5 13. Qd2 Qh4+ 14. Kf1 Qf6+ 15. Nf3 Nxc3 16. bxc3 Rg8 17. Kg1 g5 18. Rf1 Qe7 19. Qf2 Be6 20. h4 g4 21. Ng5 g3 22. Qf4 O-O-O 23. Nxh7 c4 24. d4 Rg4 25. Qf6 Qa3 26. Qf3 Qxa2 27. Nf6 Rg7 28. h5 Qxc2 29. d5 Qd2 30. dxe6 fxe6 31. Rh4 Rd3 32. Qf4 Qxc3 33. h6 1-0

[Event "II Open Rapid"]
[Site "Canada de Calatrava SPA"]
[Date "2007.04.07"]
[Round "6"]
[White "Cabrera, A."]
[Black "Shirov, A."]
[Result "0-1"]
[WhiteElo "2514"]
[BlackElo "2715"]
[PlyCount "56"]
[EventDate "2007.04.06"]
[Source "www.chesslib.no"]
[SourceDate "2004.05.04"]

1. e4 c5 2. Nc3 Nc6 3. f4 e6 4. Nf3 d5 5. Bb5 Nge7 6. exd5 exd5 7. Qe2 g6 8. Qe5 Rg8 9. b3 Bg7 10. Qg5 h6 11. Qh4 g5 12. fxg5 hxg5 13. Qh5 Bf6 14. Ng1 g4 15. Qh6 Nf5 16. Qf4 Nfd4 17. Kd1 Nxb5 18. Nxb5 Bxa1 19. c3 Be6 20. Nc7+ Kd7 21. Nxa8 Qa5 22. Ne2 Rxa8 23. Ng3 Qxa2 24. Nf5 Qxb3+ 25. Ke1 Re8 26. Qd6+ Kc8 27. Ng7 Rd8 28. Qxc5 d4 0-1

[Event "Open"]
[Site "Kavala GRE"]
[Date "2007.08.10"]
[Round "7"]
[White "Gelashvili, T."]
[Black "Kotronias, V."]
[Result "1/2-1/2"]
[WhiteElo "2604"]
[BlackElo "2612"]
[PlyCount "86"]
[EventDate "2007.08.05"]
[Source "www.chesslib.no"]
[SourceDate "2004.05.04"]

1. e4 c5 2. Nc3 Nc6 3. f4 g6 4. Nf3 Bg7 5. Bb5 Nd4 6. Nxd4 cxd4 7. Ne2 Nf6 8. e5 Nd5 9. c4 Nc7 10. Nxd4 O-O 11. Nf3 d6 12. d4 Nxb5 13. cxb5 Qa5+ 14. Kf2 Qxb5 15. Qe2 Qd5 16. Be3 Bd7 17. Rhc1 Rfc8 18. b3 a5 19. Rxc8+ Rxc8 20. Rc1 Rxc1 21. Bxc1 b5 22. Qc2 Bc6 23. a3 dxe5 24. dxe5 f6 25. exf6 exf6 26. b4 axb4 27. axb4 Bf8 28. Qc3 Be7 29. Be3 Kf7 30. Bd4 h6 31. h4 h5 32. Be3 Bd6 33. Qd4 Qa2+ 34. Kg3 Bxf3 35. Kxf3 Qa8+ 36. Kf2 Qc6 37. Bd2 Bc7 38. Be3 Qc2+ 39. Kf3 Qf5 40. Qa7 Qd5+ 41. Kf2 Qc6 42. Qa2+ Qe6 43. Qa7 Qc6 1/2-1/2

[Event "YUG-chT 52nd"]
[Site "?"]
[Date "2000.09.03"]
[Round "10"]
[White "Zvjaginsev Vadim"]
[Black "Markovic Miroslav"]
[Result "1/2-1/2"]
[WhiteElo "2634"]
[BlackElo "2558"]
[PlyCount "25"]
[EventDate "2000.??.??"]
[Source "www.chesslib.no"]
[SourceDate "2004.05.04"]

1. e4 c5 2. Nc3 Nc6 3. Bb5 g6 4. Bxc6 dxc6 5. d3 Bg7 6. Be3 Bd4 7. Qd2 Nf6 8. h3 Nd7 9. f4 e5 10. Nf3 Qe7 11. O-O-O f6 12. Rdf1 b6 13. fxe5 1/2-1/2

[Event "Corr"]
[Site "?"]
[Date "1998.02.01"]
[Round "?"]
[White "Sek Zbigniew"]
[Black "Hamarat Tunc (OST)"]
[Result "0-1"]
[WhiteElo "2565"]
[BlackElo "2595"]
[PlyCount "60"]
[EventDate "1998.??.??"]
[Source "www.chesslib.no"]
[SourceDate "2004.05.04"]

1. e4 c5 2. Nc3 Nc6 3. f4 g6 4. Nf3 Bg7 5. Bb5 Nd4 6. a4 e6 7. O-O Ne7 8. Nxd4 cxd4 9. Ne2 O-O 10. Ng3 d5 11. b3 dxe4 12. Nxe4 d3 13. c3 a6 14. Bc4 b5 15. axb5 Bb7 16. bxa6 Bxe4 17. Ba3 Qb6+ 18. Rf2 Bf6 19. Qe1 Bf5 20. h3 h5 21. Kh2 Rfc8 22. Rf3 Nc6 23. g4 hxg4 24. hxg4 Bxg4 25. Rxd3 Na5 26. Rd6 Qa7 27. d4 Nxc4 28. bxc4 Rxc4 29. Rb1 Qc7 30. Qe4 Rc8 0-1

[Event "Jakarta"]
[Site "Jakarta"]
[Date "1996.??.??"]
[Round "?"]
[White "Hickl, Joerg"]
[Black "Hodgson, Julian M"]
[Result "1/2-1/2"]
[WhiteElo "2600"]
[BlackElo "2550"]
[PlyCount "31"]
[EventDate "1996.08.28"]
[Source "ChessBase"]
[SourceDate "1997.04.10"]

1. e4 c5 2. Nc3 Nc6 3. f4 e6 4. Nf3 d5 5. Bb5 Nf6 6. d3 Be7 7. O-O O-O 8. Bxc6 bxc6 9. b3 Ba6 10. e5 Nd7 11. Ne2 c4 12. d4 c5 13. Be3 Qc7 14. Rf2 cxb3 15. axb3 Bxe2 16. Qxe2 1/2-1/2

[Event "France 81/113"]
[Site "?"]
[Date "2001.??.??"]
[Round "?"]
[White "Degraeve, J.-M."]
[Black "Nataf, I.-A."]
[Result "1-0"]
[WhiteElo "2589"]
[BlackElo "2552"]
[PlyCount "95"]
[EventDate "2001.??.??"]
[Source "Chess Informant"]
[SourceDate "2001.02.01"]

1. e4 c5 2. Nc3 Nc6 3. f4 g6 4. Nf3 Bg7 5. Bb5 Nd4 6. O-O a6 7. Bd3 d6 8. Nxd4 cxd4 9. Ne2 Nf6 10. c3 dxc3 11. dxc3 O-O 12. Kh1 b5 13. Nd4 Bb7 14. Qe2 Nd7 15. Nb3 e5 16. f5 d5 17. Be3 dxe4 18. Bc2 Bd5 19. Rfd1 Bxb3 20. axb3 gxf5 21. Qh5 Nf6 22. Qxf5 Qc8 23. Qxc8 Raxc8 24. h3 Nh5 25. g4 Ng3+ 26. Kg2 f5 27. Bf2 f4 28. Bxg3 fxg3 29. Bxe4 Rf2+ 30. Kxg3 Rxb2 31. Rxa6 Rxc3+ 32. Kh4 Rf2 33. Rd8+ Rf8 34. Rd7 Bf6+ 35. g5 Bg7 36. Bd5+ Kh8 37. Be6 Rcc8 38. Raa7 Rfe8 39. Bd5 Rcd8 40. Rxg7 Rxd5 41. Rxh7+ Kg8 42. Kh5 Rd3 43. h4 Rh3 44. Rhe7 Rxe7 45. Rxe7 Rxb3 46. Kg6 Kf8 47. Rxe5 b4 48. Rb5 1-0

[Event "Moscow m"]
[Site "Moscow RUS"]
[Date "1994.??.??"]
[Round "4"]
[White "Morozevich, Alexander"]
[Black "Moskalenko, Viktor"]
[Result "1/2-1/2"]
[WhiteElo "2590"]
[BlackElo "2535"]
[PlyCount "34"]
[EventDate "1994.??.??"]
[Source "www.chesslib.no"]
[SourceDate "2004.05.04"]

1. e4 c5 2. Nc3 Nc6 3. f4 e6 4. Nf3 d5 5. Bb5 Nge7 6. O-O a6 7. Bxc6+ Nxc6 8. Ne5 Be7 9. Nxc6 bxc6 10. d3 O-O 11. Qe1 a5 12. b3 c4 13. dxc4 dxc4 14. Be3 cxb3 15. cxb3 Ba6 16. Rf2 Bb4 17. a3 Bxc3 1/2-1/2

[Event "World Open"]
[Site "Philadelphia, PA USA"]
[Date "1993.??.??"]
[Round "9"]
[White "Minasian, Artashes"]
[Black "Zapata, Alonso"]
[Result "0-1"]
[WhiteElo "2545"]
[BlackElo "2580"]
[PlyCount "53"]
[EventDate "1993.??.??"]
[Source "www.chesslib.no"]
[SourceDate "2004.05.04"]

1. e4 c5 2. Nc3 Nc6 3. f4 g6 4. Nf3 Bg7 5. Bc4 a6 6. a4 e6 7. f5 gxf5 8. d3 Nge7 9. Bg5 f6 10. Bc1 O-O 11. O-O fxe4 12. dxe4 Ng6 13. Be3 b6 14. Qd2 Bb7 15. Rad1 Nce5 16. Nxe5 Nxe5 17. Ba2 Qc7 18. Bf4 Bc6 19. a5 Kh8 20. axb6 Qxb6 21. Rb1 Qb4 22. Kh1 f5 23. Qd6 Nf7 24. Qe7 Rae8 25. Qh4 fxe4 26. Qh5 d5 27. Rbe1 0-1